| 000 | 00528nam a2200193 i 4500 | ||
|---|---|---|---|
| 001 | 93573 | ||
| 003 | ES-MaACL | ||
| 005 | 20230906181249.0 | ||
| 007 | t| | ||
| 008 | 050414s1985 sp ||||1| spa d | ||
| 100 | 1 |
_aLópez Aranda, Ricardo. _973408 |
|
| 245 | 1 | 0 |
_aIsabel, reina de corazones / _cRicardo López Aranda. |
| 260 |
_aMadrid : _bPreyson, _c1985. |
||
| 300 |
_a70 p. ; _c16 cm. |
||
| 490 | 1 |
_aArte escénico ; _v48 |
|
| 830 | 1 |
_aArte escénico ; _v48 _9180796 |
|
| 852 |
_aES-MaACL _jL-7395 |
||
| 999 |
_c93573 _d93573 |
||